| 000 | 00683nas a2200253 i 4500 | ||
|---|---|---|---|
| 001 | 1478 | ||
| 003 | ES-MaACL | ||
| 005 | 20250718150759.0 | ||
| 007 | t| | ||
| 008 | 950801i1944 fr | | 1 ||re d | ||
| 022 | _a0395-2037 | ||
| 080 | _a(054) | ||
| 245 | 0 | 3 | _aLe monde. |
| 260 |
_aParis : _bSA Le Monde, _c1944- |
||
| 300 |
_a378 v. : _bgrab. ; _c50 cm. |
||
| 310 | _aDiaria | ||
| 362 | 0 | _a1. année, n. 1 (19 déc. 1944) - | |
| 650 | 1 | 4 |
_aPeriódicos _915941 |
| 700 | 1 |
_aFauvet, Jacques, _9194211 |
|
| 852 |
_aES-MaACL _jHEM-H-424 _dOlim: Hem-1625 _91506 _zExpurgado: 22-1-2025 |
||
| 866 | 0 | _o1976-2008 (2009). | |
| 942 |
_2udc _cPERIODICO |
||
| 999 |
_c1478 _d1478 |
||